| 000 | 01187 a2200241 4500 | ||
|---|---|---|---|
| 001 | 2419 | ||
| 005 | 20260407155423.0 | ||
| 008 | 260407a2003 arg spa d | ||
| 003 | AR-UNSa-BCEJYS | ||
| 040 |
_aAR-UNSa-BCEJYS _bspa _cAR-UNSa-BCEJYS |
||
| 080 |
_a657.31 _xPresupuestos. Previsiones. Planes financieros. Estado de flujo de efectivo |
||
| 245 | 1 | 0 |
_aEstado de flujo de efectivo _pincluye cambios recientes a las Normas Contables Profesionales |
| 020 | _a987-1140-05-3 | ||
| 250 | _a2a. ed. | ||
| 264 | 1 |
_aBuenos Aires : _bOsmar D. Buyatti _c2003 |
|
| 300 |
_a263 p. _c22 cm. |
||
| 505 | _a1. Efectos de la inflación sobre los estados contables - 2. Estado de flujo de efectivo - 3. Estado de flujo de efectivo - 4. Cuestiones particulares - 5. Consideraciones del cambio en el poder adquisitivo de la moneda en el estado de flujo de efectivo - 6. Reformas recientes a las normas contables. Vigencia de las mismas | ||
| 942 | _cBK | ||
| 590 | _aniveau_biblio:m niveau_hierar:0 | ||
| 100 | 1 | _aPetti, Ana María | |
| 700 | 1 | _aLonghi, Paula Ana | |
| 856 | 4 | 1 |
_uhttps://biblioeco.unsa.edu.ar/pmb/images/libros/Estado de flujo de efectivo-l86592.jpg _yImagen de portada _qimage/jpeg |
| 999 |
_c268 _d268 |
||